¿Es sustentable el desarrollo agropecuario de la pampa húmeda? (Registro nro. 23224)
[ vista simple ]
| 000 -LEADER | |
|---|---|
| fixed length control field | 00398 a2200121 4500 |
| 001 - CONTROL NUMBER | |
| control field | ART_10725 |
| 005 - DATE AND TIME OF LATEST TRANSACTION | |
| control field | 20260410161831.0 |
| 008 - FIXED-LENGTH DATA ELEMENTS--GENERAL INFORMATION | |
| fixed length control field | 260409a |
| 100 1# - MAIN ENTRY--PERSONAL NAME | |
| Personal name | Asis, Inés del Valle |
| 245 10 - TITLE STATEMENT | |
| Title | ¿Es sustentable el desarrollo agropecuario de la pampa húmeda? |
| 700 1# - ADDED ENTRY--PERSONAL NAME | |
| Personal name | Sonnet, Fernando H. |
| 773 0# - HOST ITEM ENTRY | |
| Title | Actualidad Económica |
| Related parts | - Año XVI, Nº 60 (sep./dic. 2006) |
| Record control number | REV5083 |
No hay ítems disponibles.